Велосипедный спорт

Dades bibliogràfiques
Autor principal: Архипов Е. М. Евгений Михайлович
Altres autors: Седов А. В. Аркадий Васильевич
Sumari:Исключено из фонда НТБ ТПУ
Idioma:rus
Publicat: Москва, Физкультура и спорт, 1990
Col·lecció:Спорт для всех
Format: MixedMaterials Llibre
KOHA link:https://koha.lib.tpu.ru/cgi-bin/koha/opac-detail.pl?biblionumber=130851

MARC

LEADER 00000nam0a2200000 4500
001 130851
005 20231031134049.0
010 |a 5278002158 
020 |a RU  |b 90-58456 
035 |a (RuTPU)RU\TPU\book\141720 
090 |a 130851 
100 |a 20080208d1990 m y0rusy5003 ca 
101 0 |a rus 
102 |a RU 
105 |a a z 000zy 
200 1 |a Велосипедный спорт  |f Е. М. Архипов, А. В. Седов 
210 |a Москва  |c Физкультура и спорт  |d 1990 
215 |a 143 с.  |c ил. 
225 1 |a Спорт для всех 
333 |a Исключено из фонда НТБ ТПУ 
700 1 |a Архипов  |b Е. М.  |g Евгений Михайлович 
701 1 |a Седов  |b А. В.  |g Аркадий Васильевич 
801 0 |a RU  |b RuMRKP  |c 19950417  |g psbo 
801 1 |a RU  |b 63413507  |c 20080208  |g PSBO 
801 2 |a RU  |b 63413507  |c 20220602  |g PSBO 
942 |c BK